|
|
|
|
| LEADER |
00000cam a2200000 7i4500 |
| 001 |
0000002575 |
| 005 |
20030813.0 |
| 020 |
0 |
0 |
|a 9836224831
|
| 090 |
0 |
0 |
|a 297.4
|b JOH 2001
|
| 100 |
0 |
0 |
|a JOHARI Haji Alias
|f Haji
|
| 245 |
1 |
0 |
|a Membina semangat positif
|c Haji Johari Haji Alias
|
| 260 |
0 |
0 |
|a Kuala Lumpur :
|b Dewan Bahasa & Pustaka ,
|c 2001
|
| 300 |
|
|
|a x, 250 p. ;
|c 22 cm.
|
| 440 |
0 |
0 |
|a Nilai-nilai Islam 2
|
| 500 |
0 |
0 |
|a Includes index
|
| 650 |
0 |
0 |
|a Islamic ethnics
|
| 650 |
0 |
0 |
|a Islam
|x Customs and practice
|
| 998 |
|
|
|a JPSM
|
| 999 |
|
|
|a 0000004998
|b Monograph
|c Open Shelf
|e Default branch
|